[Event "Team women chess final 2021"]
[Site "?"]
[Date "2021.05.05"]
[Round "5.12"]
[White "Nur-Mukhametova, Alisa"]
[Black "Vanishvili, Mari"]
[Result "1/2-1/2"]
[WhiteElo "2141"]
[BlackElo "1890"]
[PlyCount "151"]
[EventDate "2021.??.??"]

1.e4 e5 2.Nf3 d6 3.d4 exd4 4.Nxd4 Nf6 5.Nc3 Be7 6.g3 d5 7.e5
Ng4 8.Bg2 Nxe5 9.Qe2 Nbc6 10.Nxc6 Nxc6 11.Nxd5 O-O 12.Nxe7+ Qxe7
13.Qxe7 Nxe7 14.Bf4 c6 15.O-O-O Be6 16.Rhe1 Rfe8 17.b3 Nd5 18.Bd2
Nf6 19.h3 Bd5 20.Bxd5 Nxd5 21.c4 Nf6 22.Be3 h6 23.Rd3 b6 24.Red1
Kf8 25.g4 c5 26.f3 Re7 27.h4 Ne8 28.Bf4 f6 29.h5 Kf7 30.Rd8 Rxd8
31.Rxd8 Ke6 32.Rd5 Nc7 33.Rd3 Rd7 34.Kd2 Rxd3+ 35.Kxd3 Ne8 36.Bb8
Kd7 37.Ke4 Nd6+ 38.Kd5 Nc8 39.Ke4 Ne7 40.Bf4 a6 41.Bd2 Ke6 42.Bc3
Nc8 43.Kd3 Nd6 44.Be1 Ne8 45.Bf2 a5 46.Ke4 Nd6+ 47.Kf4 Nf7 48.Be1
Ne5 49.Ke4 Nf7 50.Bg3 Nd6+ 51.Bxd6 Kxd6 52.Kf5 Ke7 53.Kg6 Kf8
54.f4 Kg8 55.g5 hxg5 56.fxg5 fxg5 57.Kxg5 Kh7 58.a3 Kg8 59.Kg6
Kf8 60.Kf5 Kg8 61.Ke6 Kh7 62.Kf7 Kh6 63.a4 Kh7 64.Kf8 Kh8 65.Ke7
Kh7 66.Kf7 Kh8 67.Ke8 Kh7 68.Ke7 Kh6 69.Kf8 Kh7 70.Kf7 Kh8 71.Ke6
Kh7 72.Ke7 Kh6 73.Kf7 Kh7 74.Ke8 Kh6 75.Kf8 Kh7 76.Kf7 1/2-1/2

[Event "Team women chess final 2021"]
[Site "?"]
[Date "2021.05.07"]
[Round "6.1"]
[White "Geller, Anastasiya"]
[Black "Shuvalova, Polina"]
[Result "0-1"]
[WhiteElo "2192"]
[BlackElo "2484"]
[PlyCount "64"]
[EventDate "2021.??.??"]

1.e4 c5 2.Nf3 d6 3.d4 cxd4 4.Nxd4 Nf6 5.Nc3 a6 6.h3 e5 7.Nde2
b5 8.g4 b4 9.Nd5 Nxd5 10.Qxd5 Ra7 11.Be3 Be6 12.Qd3 Rb7 13.Bg2
Be7 14.Ng3 g6 15.Bh6 a5 16.Rd1 Qc8 17.b3 Nc6 18.O-O Rc7 19.Be3
h5 20.gxh5 Bxh3 21.Bb6 Rb7 22.Bxh3 Qxh3 23.Qa6 Qd7 24.Rd3 f5
25.exf5 gxf5 26.Nxf5 Nb8 27.Ng7+ Kf8 28.Qc4 d5 29.Rxd5 Qc6 30.Rd8+
Bxd8 31.Ne6+ Qxe6 32.Qxe6 Rg7+ 0-1

[Event "Team women chess final 2021"]
[Site "?"]
[Date "2021.05.07"]
[Round "6.2"]
[White "Kosteniuk, Alexandra"]
[Black "Mironenko, Galina"]
[Result "1-0"]
[WhiteElo "2474"]
[BlackElo "1990"]
[PlyCount "85"]
[EventDate "2021.??.??"]

1.e4 c5 2.Nc3 Nc6 3.Bb5 Nd4 4.Bc4 d6 5.Nge2 Nf6 6.d3 e5 7.Nxd4
cxd4 8.Nd5 Nxd5 9.Bxd5 Be7 10.c3 dxc3 11.bxc3 O-O 12.Qb3 Rb8
13.O-O b6 14.f4 Bb7 15.Bc4 d5 16.Bxd5 Bxd5 17.exd5 Bc5+ 18.Kh1
Bd6 19.fxe5 Bxe5 20.Bf4 Bxf4 21.Rxf4 Qg5 22.Re4 Rbd8 23.c4 Rd6
24.Rae1 Rg6 25.Qb2 h5 26.Qe2 h4 27.Re5 f5 28.h3 Qg3 29.Rf1 Rgf6
30.Rf3 Qg5 31.Qf2 g6 32.Kh2 R6f7 33.d4 Rc8 34.c5 Rh7 35.d6 Qf6
36.Qe2 bxc5 37.dxc5 Kf8 38.Rfe3 Qg5 39.Re8+ Rxe8 40.Rxe8+ Kg7
41.Qe7+ Qxe7 42.Rxe7+ Kh6 43.Rxh7+ 1-0

[Event "Team women chess final 2021"]
[Site "?"]
[Date "2021.05.07"]
[Round "6.3"]
[White "Filippova, Darya"]
[Black "Bivol, Alina"]
[Result "1/2-1/2"]
[WhiteElo "1915"]
[BlackElo "2385"]
[PlyCount "84"]
[EventDate "2021.??.??"]

1.d4 Nf6 2.c4 g6 3.Nc3 d5 4.Nf3 Bg7 5.cxd5 Nxd5 6.Na4 Nb6 7.e4
Bg4 8.Be3 O-O 9.Nc5 Qc8 10.Qb3 Bxf3 11.gxf3 e5 12.dxe5 Bxe5 13.h4
h5 14.f4 Bg7 15.f5 a5 16.a4 N8d7 17.fxg6 Nxc5 18.Bxc5 Qg4 19.f3
Qg3+ 20.Ke2 Rae8 21.Ra3 Nd7 22.Rg1 Qh2+ 23.Rg2 Qxh4 24.Bxf8 Rxf8
25.Qd5 Qf6 26.Rb3 Ne5 27.f4 Nxg6 28.Rxg6 Qxg6 29.Bh3 Re8 30.e5
Qc2+ 31.Kf1 Qc1+ 32.Kg2 Qxf4 33.e6 Re7 34.Qd8+ Kh7 35.Qxe7 Qd2+
36.Kf3 Qd1+ 37.Kf4 Qd2+ 38.Ke4 Qc2+ 39.Kf4 Bh6+ 40.Ke5 Bg7+ 41.Kf4
Bh6+ 42.Ke5 Bg7+ 1/2-1/2

[Event "Team women chess final 2021"]
[Site "?"]
[Date "2021.05.07"]
[Round "6.4"]
[White "Voit, Daria"]
[Black "Vanishvili, Mari"]
[Result "1/2-1/2"]
[WhiteElo "2360"]
[BlackElo "1890"]
[PlyCount "115"]
[EventDate "2021.??.??"]

1.d4 d5 2.c4 e6 3.Nf3 Nf6 4.g3 Bb4+ 5.Bd2 Bd6 6.Nc3 c6 7.Bg5
Nbd7 8.e4 dxe4 9.Nxe4 Bb4+ 10.Nc3 h6 11.Bd2 O-O 12.Bg2 e5 13.dxe5
Re8 14.Bf4 Ne4 15.Qc2 Nxc3 16.bxc3 Bd6 17.O-O-O Ba3+ 18.Kb1 Qa5
19.Rhe1 Nb6 20.Qb3 Bf5+ 21.Ka1 Be6 22.Bf1 Nd7 23.Nd4 Nc5 24.Qc2
Na4 25.Bc1 Bxc1 26.Rxc1 c5 27.Nxe6 Rxe6 28.Bh3 Ra6 29.Qb3 Rb6
30.Qa3 Rd8 31.e6 fxe6 32.Bxe6+ Kh8 33.Bd5 Rf6 34.f4 b5 35.cxb5
Rxd5 36.Re4 Qxb5 37.Qxa4 Qxa4 38.Rxa4 a6 39.Rc2 Rb6 40.a3 Kh7
41.Re4 Kg6 42.Ka2 Kf5 43.Re7 Kf6 44.Rce2 Rd3 45.R7e3 c4 46.g4
Rb3 47.Re6+ Kf7 48.g5 hxg5 49.fxg5 Rd2+ 50.Rxd2 Kxe6 51.Re2+
Kf5 52.Re3 Kxg5 53.Rg3+ Kf6 54.Rf3+ Ke5 55.Rg3 Kf6 56.Rf3+ Ke5
57.Rg3 Kf6 58.Rf3+ 1/2-1/2

[Event "Team women chess final 2021"]
[Site "?"]
[Date "2021.05.07"]
[Round "6.5"]
[White "Kovalevskaya, Ekaterina"]
[Black "Gunina, Valentina"]
[Result "0-1"]
[WhiteElo "2383"]
[BlackElo "2421"]
[PlyCount "76"]
[EventDate "2021.??.??"]

1.Nf3 d5 2.g3 c6 3.Bg2 Bg4 4.O-O Nd7 5.d4 e6 6.h3 Bf5 7.c4 Ngf6
8.Nc3 h6 9.Qb3 Qb6 10.c5 Qxb3 11.axb3 a6 12.b4 Rc8 13.Nd2 Be7
14.f3 Bh7 15.e4 O-O 16.Nb3 e5 17.dxe5 Nxe5 18.f4 Nd3 19.exd5
cxd5 20.Nxd5 Nxd5 21.Bxd5 Nxb4 22.Bxb7 Rc7 23.Bf3 Bd3 24.Rf2
Bc4 25.Ra3 Nd3 26.Rc2 Be6 27.Be3 Ne1 28.Rf2 Nxf3+ 29.Rxf3 Bxh3
30.Rxa6 Rd8 31.Rb6 Rd3 32.f5 Bg4 33.Bf4 Bxf3 34.Bxc7 Bd5 35.Bd6
Bg5 36.Na5 Be3+ 37.Kh2 Rd1 38.Kh3 Rh1+ 0-1

[Event "Team women chess final 2021"]
[Site "?"]
[Date "2021.05.07"]
[Round "6.6"]
[White "Badelka, Olga"]
[Black "Dordzhieva, Dinara"]
[Result "1-0"]
[WhiteElo "2433"]
[BlackElo "2334"]
[PlyCount "87"]
[EventDate "2021.??.??"]

1.d4 d5 2.c4 dxc4 3.e4 Nf6 4.e5 Nd5 5.Bxc4 Nc6 6.Ne2 Nb6 7.Bb3
Bf5 8.Nbc3 Qd7 9.O-O e6 10.Be3 Rd8 11.Qc1 Be7 12.Rd1 Nb4 13.Ng3
Bg6 14.a3 N4d5 15.Nxd5 Nxd5 16.Bxd5 exd5 17.Bg5 Bxg5 18.Qxg5
O-O 19.Re1 Rfe8 20.Rac1 h6 21.Qd2 c6 22.Re3 Qe6 23.f4 f5 24.Qa5
Ra8 25.b4 a6 26.h3 Bf7 27.a4 Qd7 28.Qb6 Rec8 29.Rec3 Be8 30.Nf1
Rab8 31.Nd2 Qd8 32.Qxd8 Rxd8 33.Nb3 Kf7 34.Nc5 Ke7 35.g4 Bg6
36.Rg3 Rg8 37.Kf2 fxg4 38.hxg4 Be8 39.f5 b6 40.Nxa6 Ra8 41.b5
cxb5 42.Nc7 Rxa4 43.Nxd5+ Kd8 44.Rgc3 1-0

[Event "Team women chess final 2021"]
[Site "?"]
[Date "2021.05.07"]
[Round "6.7"]
[White "Borisova, Ekaterina"]
[Black "Maltsevskaya, Aleksandra"]
[Result "1/2-1/2"]
[WhiteElo "2268"]
[BlackElo "2360"]
[PlyCount "96"]
[EventDate "2021.??.??"]

1.d4 Nf6 2.c4 g6 3.Nc3 Bg7 4.e4 d6 5.f3 O-O 6.Be3 c5 7.Nge2 Nfd7
8.Qd2 Nc6 9.d5 Na5 10.Ng3 Ne5 11.b3 a6 12.Rb1 h5 13.Be2 h4 14.Nf1
b5 15.cxb5 axb5 16.Nxb5 h3 17.gxh3 Ba6 18.Nc3 Bxe2 19.Kxe2 Qc8
20.Rg1 Qxh3 21.Rg3 Qh5 22.Kf2 f5 23.Kg2 fxe4 24.fxe4 Nf3 25.Qe2
Nh4+ 26.Kh1 Rf3 27.Nd2 Rxg3 28.Qxh5 gxh5 29.hxg3 Bxc3 30.gxh4
Nb7 31.Rg1+ Kf7 32.Nb1 Bf6 33.Rg2 Bxh4 34.Nc3 Bf6 35.Nb5 h4 36.Nc7
Rc8 37.Ne6 c4 38.Rc2 cxb3 39.Rxc8 bxa2 40.Ra8 a1Q+ 41.Rxa1 Bxa1
42.Bf2 Bf6 43.Bb6 Be5 44.Kg2 Kf6 45.Be3 Bg3 46.Bd4+ Kg6 47.Bb6
Kf6 48.Bd4+ Kg6 1/2-1/2

[Event "Team women chess final 2021"]
[Site "?"]
[Date "2021.05.07"]
[Round "6.8"]
[White "Solozhenkina, Elizaveta"]
[Black "Dimitrova, Aleksandra"]
[Result "1/2-1/2"]
[WhiteElo "2308"]
[BlackElo "2253"]
[PlyCount "57"]
[EventDate "2021.??.??"]

1.e4 c5 2.Nf3 Nc6 3.d4 cxd4 4.Nxd4 e6 5.Nc3 Qc7 6.Be3 a6 7.Qf3
Nxd4 8.Bxd4 b5 9.Qg3 Qxg3 10.hxg3 Bb7 11.f3 Ne7 12.a4 b4 13.Na2
Nc6 14.Bb6 Rc8 15.O-O-O b3 16.cxb3 Nd4+ 17.Kb1 Nxb3 18.Bd3 Bc5
19.Bxc5 Nxc5 20.Bc2 a5 21.Nc3 Ke7 22.e5 h6 23.Rh4 Rb8 24.Rg4
g6 25.Rgd4 h5 26.Be4 Ba6 27.Bc2 Bb7 28.Be4 Ba6 29.Bc2 1/2-1/2

[Event "Team women chess final 2021"]
[Site "?"]
[Date "2021.05.07"]
[Round "6.9"]
[White "Protopopova, Anastasiya"]
[Black "Vasilevich, Tatjana"]
[Result "1-0"]
[WhiteElo "2267"]
[BlackElo "2355"]
[PlyCount "67"]
[EventDate "2021.??.??"]

1.d4 Nf6 2.c4 e6 3.Nc3 Bb4 4.f3 d5 5.a3 Bxc3+ 6.bxc3 c5 7.cxd5
exd5 8.e3 O-O 9.Bd3 b6 10.Ne2 Ba6 11.O-O Re8 12.Ng3 Qc8 13.e4
cxd4 14.cxd4 dxe4 15.fxe4 Qc3 16.Bxa6 Nxa6 17.e5 Qxa1 18.exf6
g6 19.Qd2 Kh8 20.Bb2 Qa2 21.Qh6 Rg8 22.Ne4 g5 23.Nxg5 Rxg5 24.Qxg5
Rg8 25.Qd2 Nc7 26.h3 Nd5 27.Kh2 Qc4 28.Rf5 Rg6 29.Qe1 Qc2 30.Rf2
Qb3 31.Qe5 Rg8 32.Bc1 Rg6 33.Bh6 Qb5 34.Qb8+ 1-0

[Event "Team women chess final 2021"]
[Site "?"]
[Date "2021.05.07"]
[Round "6.10"]
[White "Gritsayeva, Oksana"]
[Black "Lysenko, Margarita"]
[Result "1/2-1/2"]
[WhiteElo "2336"]
[BlackElo "2207"]
[PlyCount "173"]
[EventDate "2021.??.??"]

1.d4 Nf6 2.c4 e6 3.Nf3 b6 4.a3 Bb7 5.Nc3 d5 6.Bf4 Bd6 7.Bxd6
cxd6 8.e3 O-O 9.Rc1 dxc4 10.Bxc4 Nc6 11.O-O Rc8 12.Qe2 Ne7 13.Bd3
Ned5 14.Nb5 Rxc1 15.Rxc1 a6 16.Nc3 b5 17.e4 Nf4 18.Qe3 Nxd3 19.Qxd3
Qa8 20.Nd2 Rc8 21.f3 Qa7 22.Ne2 Rxc1+ 23.Nxc1 Qb6 24.Ne2 Nd7
25.b4 Qc7 26.Nb3 Nb6 27.Na5 Ba8 28.Qc3 Qxc3 29.Nxc3 Kf8 30.Kf2
Ke7 31.Ke3 g5 32.Kd3 f5 33.Ke3 Kf6 34.g3 h6 35.h3 Kg6 36.g4 Kf6
37.Nd1 f4+ 38.Kd2 Ke7 39.Nf2 Kf6 40.Nd3 Ke7 41.Kc2 Kd7 42.h4
Ke7 43.hxg5 hxg5 44.Kb3 Kd7 45.Nf2 Ke7 46.Kc3 Na4+ 47.Kb3 Nb6
48.Nh3 Kf6 49.Kc3 Na4+ 50.Kc2 Nb6 51.Kb3 Kg6 52.Ng1 Kf6 53.Ne2
Ke7 54.Nc3 Kd7 55.Kc2 Ke7 56.Kd3 Kd7 57.Ke2 Ke7 58.Nd1 Na4 59.Kd2
Nb6 60.Nf2 Kf6 61.Kc1 Ke7 62.Kb2 Na4+ 63.Kc2 Nb6 64.Kb3 Kf6 65.Nh3
Kg6 66.Kc3 Na4+ 67.Kd2 Nb6 68.Ng1 Kf6 69.Ne2 Ke7 70.Nc3 Kd7 71.Ke2
Ke7 72.Nb3 Nc4 73.a4 bxa4 74.Nxa4 Bc6 75.Nc3 Nb6 76.Na5 Be8 77.Kd3
Na8 78.e5 d5 79.Nb7 Nc7 80.Nc5 Bb5+ 81.Kd2 Kf7 82.Nb1 Ke7 83.Nc3
Kf7 84.Nd1 Bc6 85.Nf2 Bb5 86.Nd1 Bc6 87.Nc3 1/2-1/2

[Event "Team women chess final 2021"]
[Site "?"]
[Date "2021.05.07"]
[Round "6.11"]
[White "Smirnova, Ekaterina"]
[Black "Potapova, Margarita"]
[Result "1/2-1/2"]
[WhiteElo "2240"]
[BlackElo "2252"]
[PlyCount "58"]
[EventDate "2021.??.??"]

1.d4 Nf6 2.c4 e6 3.Nf3 d5 4.Nc3 dxc4 5.e4 Bb4 6.Bg5 h6 7.Bxf6
Qxf6 8.Bxc4 c5 9.O-O cxd4 10.e5 Qd8 11.Ne4 Nc6 12.Qd3 O-O 13.Rac1
Be7 14.a3 a6 15.Ba2 Qa5 16.Bb1 g6 17.Qd2 Qxd2 18.Nexd2 Bd8 19.Nb3
Bb6 20.Be4 Bd7 21.Nc5 Bxc5 22.Rxc5 Rfd8 23.Rfc1 Be8 24.Kf1 Kg7
25.Ke2 Rac8 26.b4 Rb8 27.Rd1 Rbc8 28.Rdc1 Rb8 29.Rd1 Rbc8 1/2-1/2

[Event "Team women chess final 2021"]
[Site "?"]
[Date "2021.05.07"]
[Round "6.12"]
[White "Tomilova, Elena"]
[Black "Usacheva, Glafira"]
[Result "1-0"]
[WhiteElo "2338"]
[BlackElo "1736"]
[PlyCount "243"]
[EventDate "2021.??.??"]

1.c4 e6 2.Nf3 Nf6 3.g3 b6 4.Bg2 Bb7 5.O-O Be7 6.b3 O-O 7.Bb2
a5 8.Nc3 Na6 9.d4 Ne4 10.a3 Nxc3 11.Bxc3 Be4 12.Qd2 c6 13.b4
a4 14.Rac1 Nc7 15.Ne1 Bxg2 16.Nxg2 f5 17.h4 b5 18.c5 Nd5 19.e3
Qe8 20.Qe2 Qg6 21.Kh2 Rae8 22.Bb2 Bd8 23.Nf4 Nxf4 24.exf4 h5
25.Rc3 Bf6 26.Re3 Qf7 27.Rg1 g6 28.f3 Kh7 29.Qd3 Bg7 30.Re2 Rg8
31.Kh3 Bh6 32.Reg2 Ref8 33.Bc1 Re8 34.Bd2 Ref8 35.Re1 Re8 36.Rge2
Rgf8 37.Re3 Rb8 38.Bc3 Bg7 39.Kg2 Rfe8 40.Kf2 Rf8 41.Ke2 Bf6
42.Kd2 Rfe8 43.Rg1 Rg8 44.Re2 Rbe8 45.Kc1 Rb8 46.Reg2 Rbe8 47.g4
Rb8 48.gxh5 gxh5 49.Rg5 Bxg5 50.fxg5 Kg6 51.Bd2 Rge8 52.Bf4 Rbc8
53.Be5 Rf8 54.Kb2 Rfe8 55.Kc2 Rf8 56.Kd2 Rfe8 57.Ke2 Rf8 58.Kf2
Rg8 59.Re1 Rce8 60.Bd6 Kh7 61.Qe3 Qg6 62.Qf4 Rg7 63.Rg1 Rgg8
64.Be5 Ref8 65.Bc7 Rf7 66.Re1 Rc8 67.Bd6 Qg7 68.Kg2 Qg6 69.Qd2
Rg7 70.Qd3 Rf7 71.Re5 Rg8 72.f4 Rc8 73.Re2 Rg8 74.Kf2 Rc8 75.Ke1
Rg8 76.Rg2 Rc8 77.Kd2 Rg8 78.Rg3 Rc8 79.Qe3 Rg8 80.Be5 Rff8 81.Kc3
Rf7 82.Qe2 Rc8 83.Re3 Rcf8 84.d5 exd5 85.Bd4 Rg7 86.Kc2 Rgg8
87.Re7+ Rf7 88.Re8 Rxe8 89.Qxe8 Rg7 90.Qf8 Rg8 91.Qe7+ Rg7 92.Bxg7
Qxg7 93.Qe8 Qg6 94.Qxd7+ Kg8 95.Qd8+ Kg7 96.Qc7+ Kg8 97.Qe5 Kf7
98.Qh8 Ke7 99.Kd2 Qf7 100.Qh6 Kd7 101.Qd6+ Ke8 102.Qxc6+ Kf8
103.Qxb5 Qc7 104.Qf1 Qg7 105.Qd3 Qb2+ 106.Kd1 Qa1+ 107.Ke2 Qb2+
108.Kf3 Qb3 109.Ke3 Qa2 110.Qxf5+ Ke7 111.Qh7+ Kf8 112.Qf5+ Ke7
113.Qe5+ Kf7 114.Qc7+ Kf8 115.Qb8+ Ke7 116.Qa7+ Ke6 117.Qa6+
Ke7 118.Qxa4 Qc4 119.Qa7+ Ke6 120.f5+ Kxf5 121.Qf7+ Kg4 122.Qf3+ 1-0

[Event "Team women chess final 2021"]
[Site "?"]
[Date "2021.05.08"]
[Round "7.1"]
[White "Shuvalova, Polina"]
[Black "Kovalevskaya, Ekaterina"]
[Result "1-0"]
[WhiteElo "2484"]
[BlackElo "2383"]
[PlyCount "61"]
[EventDate "2021.??.??"]

1.d4 Nf6 2.c4 c5 3.d5 b5 4.cxb5 a6 5.bxa6 g6 6.Nc3 Bg7 7.e4 O-O
8.e5 Ne8 9.h4 Bxa6 10.h5 Bxf1 11.Kxf1 Ra6 12.Nf3 f6 13.hxg6 fxe5
14.Ng5 hxg6 15.Qd3 Qb6 16.Qh3 Rf6 17.Nge4 Rf4 18.Bxf4 exf4 19.Qh7+
Kf8 20.Rh4 Qc7 21.d6 Nxd6 22.Nd5 Qb7 23.Nxd6 Rxd6 24.Rxf4+ Rf6
25.Nxf6 Bxf6 26.Re1 Qa6+ 27.Kg1 Qd6 28.Qh8+ Kf7 29.Rxf6+ exf6
30.Qh7+ Kf8 31.Qxg6 1-0

[Event "Team women chess final 2021"]
[Site "?"]
[Date "2021.05.08"]
[Round "7.2"]
[White "Dordzhieva, Dinara"]
[Black "Kosteniuk, Alexandra"]
[Result "1/2-1/2"]
[WhiteElo "2334"]
[BlackElo "2474"]
[PlyCount "29"]
[EventDate "2021.??.??"]

1.d4 Nf6 2.c4 e6 3.g3 c5 4.d5 exd5 5.cxd5 d6 6.Bg2 g6 7.Nc3 Bg7
8.Nf3 O-O 9.O-O Re8 10.Bf4 h6 11.Re1 Bf5 12.Nh4 Bc8 13.Nf3 Bf5
14.Nh4 Bc8 15.Nf3 1/2-1/2

[Event "Team women chess final 2021"]
[Site "?"]
[Date "2021.05.08"]
[Round "7.3"]
[White "Bivol, Alina"]
[Black "Borisova, Ekaterina"]
[Result "0-1"]
[WhiteElo "2385"]
[BlackElo "2268"]
[PlyCount "92"]
[EventDate "2021.??.??"]

1.e4 e5 2.Nf3 Nf6 3.Nxe5 d6 4.Nf3 Nxe4 5.d3 Nf6 6.d4 Be7 7.Bd3
O-O 8.h3 b6 9.O-O Bb7 10.Nc3 Nbd7 11.Re1 Re8 12.Bf4 a6 13.a4
Bf8 14.Rxe8 Qxe8 15.Nd2 g6 16.Bc4 Bg7 17.Be3 Qe7 18.d5 Re8 19.Qf1
Ne5 20.Bd4 Bh6 21.Bxe5 Qxe5 22.Nf3 Qf5 23.Bd3 Qc8 24.Bc4 Bg7
25.Rd1 Qa8 26.Ba2 Ne4 27.Qc4 Nxc3 28.bxc3 Qd8 29.Nd4 Bc8 30.Qd3
Qf6 31.Bc4 Bb7 32.Bb3 h5 33.a5 bxa5 34.Qc4 Re7 35.Qa4 Qf4 36.Qxa5
Bc8 37.Bc4 Bxh3 38.Bf1 Bg4 39.Nc6 Re8 40.Rb1 h4 41.Rb4 Qg5 42.Qxc7
Re1 43.Qb8+ Kh7 44.Rb1 Rxb1 45.Qxb1 h3 46.g3 h2+ 0-1

[Event "Team women chess final 2021"]
[Site "?"]
[Date "2021.05.08"]
[Round "7.4"]
[White "Dimitrova, Aleksandra"]
[Black "Voit, Daria"]
[Result "0-1"]
[WhiteElo "2253"]
[BlackElo "2360"]
[PlyCount "114"]
[EventDate "2021.??.??"]

1.e4 c6 2.d4 d5 3.e5 Bf5 4.h4 h5 5.Bd3 Bxd3 6.Qxd3 Qa5+ 7.Nc3
e6 8.Bg5 Qa6 9.Qh3 Nd7 10.O-O-O Nh6 11.Kb1 Nf5 12.f3 Bb4 13.Nge2
Bxc3 14.Nxc3 Qc4 15.g4 Nxd4 16.Rhe1 Nb5 17.Ne2 Nc5 18.Nf4 hxg4
19.Qxg4 a5 20.Nh5 Qxg4 21.fxg4 Rh7 22.Ng3 Nd7 23.h5 Nc7 24.Re2
f6 25.exf6 gxf6 26.Bf4 e5 27.g5 fxg5 28.Bxe5 O-O-O 29.Bc3 b6
30.Rf1 Rf8 31.Rxf8+ Nxf8 32.Bf6 Nce6 33.c4 Rf7 34.cxd5 cxd5 35.Be5
Kd7 36.Rd2 Kc6 37.Rc2+ Kd7 38.Rd2 Nc5 39.h6 Nh7 40.Bg7 Kd6 41.Re2
Ne6 42.Be5+ Kd7 43.b3 Rf3 44.Rd2 Kc6 45.Rc2+ Nc5 46.Ne2 Kd7 47.Bg7
Nd3 48.Rd2 g4 49.Nd4 Rf1+ 50.Kc2 Ne1+ 51.Kb2 g3 52.Ne2 g2 53.Rxd5+
Kc6 54.Rd2 Rf2 55.Bd4 g1Q 56.Bxf2 Qf1 57.Ng3 Qb5 0-1

[Event "Team women chess final 2021"]
[Site "?"]
[Date "2021.05.08"]
[Round "7.5"]
[White "Gunina, Valentina"]
[Black "Ushenina, Anna"]
[Result "0-1"]
[WhiteElo "2421"]
[BlackElo "2416"]
[PlyCount "94"]
[EventDate "2021.??.??"]

1.d4 Nf6 2.c4 e6 3.Nf3 d5 4.Nc3 dxc4 5.e4 b5 6.e5 Nd5 7.Nxb5
Nb6 8.Be2 Nc6 9.Nc3 Be7 10.O-O O-O 11.Be3 Rb8 12.Rc1 Qd7 13.Ne4
Nb4 14.a3 N4d5 15.Qc2 h6 16.Rfd1 Ba6 17.Nc5 Bxc5 18.dxc5 Na4
19.Bd4 Qc6 20.Re1 c3 21.Bxa6 Qxa6 22.bxc3 Qa5 23.c6 Rfd8 24.Re4
Rb2 25.Qd3 Nc5 26.Bxc5 Qxc5 27.Nd2 Rdb8 28.h4 Ne7 29.Rg4 Nxc6
30.Ne4 Qxe5 31.f4 Qf5 32.Rg3 Kh8 33.Re1 Rd8 34.Qf3 Ne7 35.c4
Qa5 36.Rd1 Rbb8 37.Rf1 Rd4 38.c5 Nf5 39.Rh3 Qa4 40.Re1 Rbd8 41.Kh2
Qc4 42.h5 Rd3 43.Qg4 Rxh3+ 44.Qxh3 Rd3 45.g3 Re3 46.Rxe3 Nxe3
47.Nf2 Qe2 0-1

[Event "Team women chess final 2021"]
[Site "?"]
[Date "2021.05.08"]
[Round "7.6"]
[White "Pogonina, Natalija"]
[Black "Badelka, Olga"]
[Result "1/2-1/2"]
[WhiteElo "2472"]
[BlackElo "2433"]
[PlyCount "95"]
[EventDate "2021.??.??"]

1.c4 c5 2.Nf3 Nf6 3.g3 b6 4.Bg2 Bb7 5.O-O e6 6.b3 Be7 7.Bb2 O-O
8.Nc3 d5 9.cxd5 Nxd5 10.Rc1 Nd7 11.Qc2 Rc8 12.Qb1 Nxc3 13.Bxc3
Bxf3 14.Bxf3 Bf6 15.Rfd1 Bxc3 16.Rxc3 Ne5 17.Bg2 Nc6 18.e3 e5
19.Qf5 g6 20.Qe4 f5 21.Qc4+ Kg7 22.d4 exd4 23.Bxc6 Rxc6 24.exd4
Rd6 25.Rcd3 cxd4 26.Rxd4 Rxd4 27.Rxd4 Qf6 28.h4 Rf7 29.a4 Qe5
30.Kg2 Rc7 31.Qd3 Rf7 32.Qd2 Qe6 33.Qc3 Qf6 34.Qc4 Qe5 35.Rd5
Qf6 36.Qf4 Qc6 37.Qd4+ Qf6 38.Qf4 Qc6 39.Qd4+ Qf6 40.Kf3 Qxd4
41.Rxd4 Rc7 42.Kf4 Kf6 43.a5 bxa5 44.Rd6+ Kg7 45.Ra6 Kh6 46.Rxa5
Rb7 47.Ra3 Re7 48.Kf3 1/2-1/2

[Event "Team women chess final 2021"]
[Site "?"]
[Date "2021.05.08"]
[Round "7.7"]
[White "Maltsevskaya, Aleksandra"]
[Black "Girya, Olga"]
[Result "1/2-1/2"]
[WhiteElo "2360"]
[BlackElo "2451"]
[PlyCount "114"]
[EventDate "2021.??.??"]

1.e4 e5 2.Nf3 Nc6 3.Bb5 a6 4.Ba4 Nf6 5.O-O Nxe4 6.d4 b5 7.Bb3
d5 8.dxe5 Be6 9.Nbd2 Nc5 10.c3 Be7 11.Re1 Nd3 12.Re3 Nxc1 13.Rxc1
O-O 14.Nd4 Nxd4 15.cxd4 a5 16.Rec3 Rc8 17.Rc6 Bd7 18.Ra6 c5 19.Bxd5
cxd4 20.Be4 Rxc1 21.Qxc1 Qc8 22.Qxc8 Rxc8 23.Kf1 Be6 24.b3 Bb4
25.Ke2 Kf8 26.Rc6 Re8 27.Kd3 a4 28.bxa4 bxa4 29.Nc4 Bc3 30.f4
Rc8 31.Rxc8+ Bxc8 32.Nb6 Ba6+ 33.Kc2 Bb5 34.g3 Ba5 35.Nc8 Bc4
36.a3 Bb3+ 37.Kd3 Bb4 38.Bc6 Bc5 39.Bb5 f6 40.Bd7 fxe5 41.fxe5
Kf7 42.Nd6+ Ke7 43.Bb5 Ke6 44.Nb7 Bxa3 45.Kxd4 Be7 46.Na5 Bd1
47.Bc4+ Kd7 48.Ba2 Bb4 49.e6+ Kc7 50.Nc4 Be7 51.Ne3 Be2 52.Nd5+
Kd6 53.Nc3 Bf6+ 54.Ke3 Bg4 55.Nxa4 Bxe6 56.Bxe6 Kxe6 57.Ke4 Kd6 1/2-1/2

[Event "Team women chess final 2021"]
[Site "?"]
[Date "2021.05.08"]
[Round "7.8"]
[White "Guseva, Marina"]
[Black "Solozhenkina, Elizaveta"]
[Result "0-1"]
[WhiteElo "2403"]
[BlackElo "2308"]
[PlyCount "120"]
[EventDate "2021.??.??"]

1.d4 Nf6 2.c4 g6 3.Nf3 Bg7 4.g3 c6 5.Bg2 d5 6.b3 O-O 7.Nbd2 a5
8.Bb2 a4 9.O-O Bf5 10.Nh4 Be6 11.Qc2 b5 12.cxb5 cxb5 13.Ba3 Re8
14.e3 Qa5 15.Bc5 Na6 16.a3 axb3 17.Nxb3 Qa4 18.Rfb1 Ne4 19.Bb6
Rec8 20.Qb2 Nd6 21.Bf1 Rab8 22.Ba5 g5 23.Nf3 Bf5 24.Rc1 Nc4 25.Qc3
Ne5 26.Nxe5 Rxc3 27.Rxc3 Bxe5 28.dxe5 d4 29.exd4 Be6 30.Rc6 Ra8
31.Rxe6 fxe6 32.Rb1 Rb8 33.Bd2 Qxa3 34.Bxg5 Qa2 35.Nd2 Nc7 36.Bh6
Qa4 37.Bc4 Rd8 38.Bb3 Qxd4 39.Rc1 Nd5 40.Re1 Qd3 41.Re4 Kh8 42.Rh4
Rg8 43.Ba2 Ra8 44.Bb3 Qf5 45.Kg2 Qxe5 46.Nf3 Qf5 47.h3 Nf6 48.Nd4
Qd3 49.Bxe6 Ra1 50.Be3 Qf1+ 51.Kf3 Qh1+ 52.Kf4 Qe4+ 53.Kg5 Qg6+
54.Kf4 Qe4+ 55.Kg5 Qe5+ 56.Bf5 Ra8 57.Rf4 Rg8+ 58.Kh4 Nd5 59.Rg4
Qf6+ 60.Kh5 Nxe3 0-1

[Event "Team women chess final 2021"]
[Site "?"]
[Date "2021.05.08"]
[Round "7.9"]
[White "Vasilevich, Tatjana"]
[Black "Geller, Anastasiya"]
[Result "0-1"]
[WhiteElo "2355"]
[BlackElo "2192"]
[PlyCount "80"]
[EventDate "2021.??.??"]

1.d4 d5 2.c4 e6 3.Nf3 Nf6 4.g3 dxc4 5.Qa4+ Nbd7 6.Qxc4 a6 7.Bg2
b5 8.Qc2 Bb7 9.a4 b4 10.O-O c5 11.dxc5 Bxc5 12.Nbd2 Rc8 13.Qd3
O-O 14.Nb3 Qe7 15.Bg5 h6 16.Bxf6 Nxf6 17.Nxc5 Qxc5 18.Rfd1 Qa5
19.Ne1 Bxg2 20.Kxg2 Rfd8 21.Qb3 Qe5 22.e3 a5 23.Rac1 Qe4+ 24.f3
Qe5 25.Kf2 Qh5 26.Kg2 Nd5 27.Rxc8 Rxc8 28.e4 Nb6 29.Nd3 Qg5 30.Kf2
Nc4 31.Nf4 Qc5+ 32.Ke2 Ne5 33.Nd3 Nxd3 34.Qxd3 Qh5 35.h4 Qe5
36.Kf2 Qxb2+ 37.Rd2 Qc1 38.Re2 Qh1 39.f4 Rc3 40.Qd8+ Kh7 0-1

[Event "Team women chess final 2021"]
[Site "?"]
[Date "2021.05.08"]
[Round "7.10"]
[White "Mironenko, Galina"]
[Black "Gritsayeva, Oksana"]
[Result "1/2-1/2"]
[WhiteElo "1990"]
[BlackElo "2336"]
[PlyCount "83"]
[EventDate "2021.??.??"]

1.e4 c5 2.Nc3 Nc6 3.Bb5 Nd4 4.Nf3 Nxb5 5.Nxb5 a6 6.Nc3 d6 7.d4
cxd4 8.Qxd4 e5 9.Qd3 h6 10.Nd2 Be6 11.Nc4 Rc8 12.Ne3 Nf6 13.O-O
Be7 14.Ncd5 Nxd5 15.Nxd5 Qa5 16.c4 Bxd5 17.cxd5 Qb5 18.Qxb5+
axb5 19.a4 Rc4 20.axb5 Kd7 21.Ra7 Rb8 22.f3 Rb4 23.Rf2 Rxb5 24.Rc2
Bd8 25.Ra3 f5 26.Bd2 Bb6+ 27.Kf1 Bd4 28.b4 Rf8 29.Ke1 Rb6 30.Rca2
fxe4 31.fxe4 Rf2 32.Rf3 Rxf3 33.gxf3 Ra6 34.Rxa6 bxa6 35.Ke2
Kc7 36.Kd3 Bg1 37.h3 g5 38.Kc4 Kb6 39.Be1 Be3 40.Kd3 Bc1 41.Kc4
Be3 42.Kd3 1/2-1/2

[Event "Team women chess final 2021"]
[Site "?"]
[Date "2021.05.08"]
[Round "7.11"]
[White "Potapova, Margarita"]
[Black "Filippova, Darya"]
[Result "1-0"]
[WhiteElo "2252"]
[BlackElo "1915"]
[PlyCount "125"]
[EventDate "2021.??.??"]

1.d4 Nf6 2.c4 e6 3.g3 d5 4.Bg2 Be7 5.Nf3 O-O 6.Nc3 c5 7.cxd5
Nxd5 8.e4 Nxc3 9.bxc3 cxd4 10.cxd4 b6 11.O-O Bb7 12.Re1 Nc6 13.Rb1
Rc8 14.a3 Na5 15.h4 Qc7 16.d5 exd5 17.exd5 Nc4 18.Nd4 Bc5 19.Nf5
Rce8 20.Rxe8 Rxe8 21.Bf4 Qc8 22.Bh3 Bxf2+ 23.Kxf2 Qc5+ 24.Qd4
Qxd4+ 25.Nxd4 Bxd5 26.a4 f6 27.Nb5 Bc6 28.Rc1 Na5 29.Rxc6 Nxc6
30.Bd7 Re4 31.Bxc6 Rxa4 32.Bd5+ Kh8 33.Nd6 h6 34.h5 Rb4 35.Be3
Ra4 36.Kf3 Ra1 37.Ke4 Rh1 38.g4 Ra1 39.Nc8 Ra4+ 40.Bd4 Kh7 41.Bf7
Kh8 42.Nd6 Rb4 43.Nc8 Ra4 44.Ne7 b5 45.Nc6 a5 46.Kd3 Ra3+ 47.Kc2
b4 48.Be6 Kh7 49.Bf5+ Kh8 50.Bb2 Re3 51.Nxa5 Rg3 52.Nb3 Kg8 53.Nc5
Kh8 54.Nd3 Kg8 55.Nxb4 Kh8 56.Nd5 Kg8 57.Bc3 Kf7 58.Nf4 Kg8 59.Kd2
Rf3 60.Ne6 Rg3 61.Bb4 Rb3 62.Bf8 g5 63.hxg6 1-0

[Event "Team women chess final 2021"]
[Site "?"]
[Date "2021.05.08"]
[Round "7.12"]
[White "Vanishvili, Mari"]
[Black "Tomilova, Elena"]
[Result "0-1"]
[WhiteElo "1890"]
[BlackElo "2338"]
[PlyCount "84"]
[EventDate "2021.??.??"]

1.e4 c5 2.Nc3 e6 3.d4 cxd4 4.Qxd4 Nc6 5.Qd3 Nf6 6.Bf4 Qa5 7.f3
d5 8.Bd2 d4 9.Nd5 Qd8 10.Nxf6+ Qxf6 11.c3 e5 12.Ne2 Bc5 13.cxd4
exd4 14.Nf4 O-O 15.Nd5 Qh4+ 16.g3 Qd8 17.Bg2 Ne5 18.Qc2 Be6 19.f4
Nd7 20.Nb4 Rc8 21.Qd3 Qb6 22.Nd5 Bxd5 23.exd5 Rfe8+ 24.Kf2 Bd6
25.b4 Bxb4 26.Rhb1 Nc5 27.Qf1 d3 28.Kf3 a5 29.a3 Qd6 30.axb4
Qxd5+ 31.Kf2 Qd4+ 32.Kf3 Ne4 33.Be3 Ng5+ 34.Kg4 Rxe3 35.h4 f5+
36.Kxf5 Qf6+ 37.Kg4 Qe6+ 38.f5 Rc4+ 39.Qf4 Rxf4+ 40.gxf4 h5+
41.Kxh5 Qxf5 42.fxg5 g6+ 0-1